| 000 | 00373nam a22001577a 4500 | ||
|---|---|---|---|
| 020 | _a9780007582211 | ||
| 082 |
_a823 _bNIK/M |
||
| 100 | _aNikesh Shukla | ||
| 245 |
_aMeatspace/ _cby Nikesh Shukla |
||
| 260 |
_aLondon: _bThe friday Project, _c2014. |
||
| 300 | _a294p. | ||
| 650 | _aNovel English | ||
| 650 | _aLiterature English | ||
| 650 | _aLiterature | ||
| 942 | _cBK | ||
| 999 |
_c54417 _d54417 |
||